000 00845cam a2200265 a 4500
001 000019645
005 20200929170104.0
008 751014s1967 sp 001 e spa d
035 _a(OCoLC)1702894
040 _aDO-SdBNP
_cFM
_dDLC
082 _a864.6
_bF363g, 1967
100 1 _aFernández Flórez, Wenceslao,
_d1885-1964.
_922402
245 1 4 _aLas gafas del diablo /
_cW. Fernández Flórez.
250 _a8a ed.
260 _aMadrid :
_bEspasa-Calpe,
_c1967.
300 _a146 p. ; [16] ;
_c18 cm.
490 1 _aAustral. Azul: novelas y cuentos en general
_v145
500 _aIncluye índice de autores
650 4 _aEnsayos españoles
_93095
650 4 _aLiteratura española
_9632
830 0 _aAustral
_pAzul: novelas y cuentos en general
_v145
_922386
910 _aCatalogación derivada / LC
910 _aWM
049 _aBNGR
999 _c19161
_d19161